Central Library, Doon University
WEBOPAC (ONLINE PUBLIC ACCESS CATALOGUE)

Organic Reaction Mechanisms (Record no. 59491)

MARC details
000 -LEADER
fixed length control field 00503nam a22002057a 4500
005 - DATE & TIME
control field 20250318153231.0
008 - FIXED-LENGTH DATA ELEMENTS--GENERAL INFORMATION
fixed length control field 250318b |||||||| |||| 00| 0 eng d
020 ## - ISBN
International Standard Book Number 9788184876468
Price 1350.00
040 ## - CATALOGING SOURCE
Original cataloging agency Doon University
041 ## - Language
Language English
082 ## - DDC NUMBER
Classification number 547.2
Book Number AHL
100 ## - MAIN ENTRY--PERSONAL NAME
Personal name Ahluwalia, V.K.
245 ## - TITLE STATEMENT
Title Organic Reaction Mechanisms
250 ## - EDITION STATEMENT
Edition statement 5th
260 ## - PUBLICATION, DISTRIBUTION, ETC. (IMPRINT)
Place of publication, distribution, etc New Delhi
Name of publisher, distributor, etc Narosa
Date of publication, distribution, etc 2022
300 ## - PHYSICAL DESCRIPTION
Pages V.P.
650 ## - Subject
Subject Chemistry
700 ## - Added Entry Personal Name
Added Entry Personal Name Parashar, Rakesh Kumar
942 ## - ADDED ENTRY ELEMENTS (KOHA)
Koha item type Books
100 ## - MAIN ENTRY--PERSONAL NAME
-- 309
700 ## - Added Entry Personal Name
-- 25384
952 ## - LOCATION AND ITEM INFORMATION (KOHA)
-- 2025-03-18
952 ## - LOCATION AND ITEM INFORMATION (KOHA)
-- 2026-04-29
-- 2025-03-18
952 ## - LOCATION AND ITEM INFORMATION (KOHA)
-- 2025-03-18
952 ## - LOCATION AND ITEM INFORMATION (KOHA)
-- 2025-03-18
952 ## - LOCATION AND ITEM INFORMATION (KOHA)
-- 2026-02-11
-- 2025-03-18
952 ## - LOCATION AND ITEM INFORMATION (KOHA)
-- 2025-03-18
952 ## - LOCATION AND ITEM INFORMATION (KOHA)
-- 2025-10-30
-- 2025-03-18
952 ## - LOCATION AND ITEM INFORMATION (KOHA)
-- 2025-03-18
Holdings
Withdrawn status Lost status Source of classification or shelving scheme Damaged status Not for loan Location (home branch) Sublocation or collection (holding branch) Date acquired Koha full call number Accession No. Koha date last seen Koha item type Koha issues (times borrowed)
        Not For Loan Doon University Doon University 18.03.2025 547.2 AHL 50324 18.03.2025 Reference  
          Doon University Doon University 18.03.2025 547.2 AHL 50325 30.04.2026 Books 1
          Doon University Doon University 18.03.2025 547.2 AHL 50326 18.03.2025 Books  
          Doon University Doon University 18.03.2025 547.2 AHL 50327 18.03.2025 Books  
          Doon University Doon University 18.03.2025 547.2 AHL 50328 25.02.2026 Books 1
          Doon University Doon University 18.03.2025 547.2 AHL 50329 18.03.2025 Books  
          Doon University Doon University 18.03.2025 547.2 AHL 50330 14.11.2025 Books 1
          Doon University Doon University 18.03.2025 547.2 AHL 50331 18.03.2025 Books  
Contact : +91-135-2533126 (Library),+91-135-2533105 (Admin Office) , Email : doonlibrary@gmail.com

Powered by Koha